| 000 | 00446nam a2200157Ia 4500 | ||
|---|---|---|---|
| 999 |
_c8822 _d8822 |
||
| 020 | _a9780199465927 | ||
| 082 | _a307.1416 NAG-N | ||
| 100 | _aNagendra, Harini | ||
| 245 | 0 | _aNature in the city: Bengaluru in the past, present and future | |
| 260 |
_aNew Delhi _bOxford University Press _c2016 |
||
| 300 | _axvii, 225p | ||
| 504 | _aincludes index | ||
| 650 |
_aCities and towns _zIndia |
||
| 650 |
_aUrbanisation _zIndia _zBengaluru |
||
| 942 | _cBK | ||